[Event "Muensterland Verbandsklasse-B 1011"]
[Site "Germany"]
[Date "2011.04.09"]
[Round "9.3"]
[White "Diepenbrock, Till"]
[Black "Leidig, Andreas"]
[Result "1-0"]
[WhiteElo "1773"]
[BlackElo "1619"]
[PlyCount "65"]
[EventDate "2010.09.18"]
[EventType "team-tourn"]
[EventRounds "9"]
[EventCountry "GER"]
[SourceTitle "EXT 2012"]
[Source "ChessBase"]
[SourceDate "2011.11.24"]
[SourceVersion "1"]
[SourceVersionDate "2011.11.24"]
[SourceQuality "1"]
[WhiteTeam "Nordwalde"]
[BlackTeam "Heiden II"]
[WhiteTeamCountry "GER"]
[BlackTeamCountry "GER"]

1. e4 c5 2. Nf3 d6 3. d4 cxd4 4. Nxd4 Nf6 5. Nc3 a6 6. Be2 e5 7. Nf3 h6 8. Be3 Be7 9. Qd2 0-0 10. h3 b5 11. a3 Bb7 12. Bd3 Qc7 13. g4 d5 14. exd5 Nxd5 15. Nxd5 Bxd5 16. Bh7+ Kxh7 17. Qxd5 Qc6 18. 0-0-0 f6 19. h4 Qxd5 20. Rxd5 Rd8 21. Rxd8 Bxd8 22. g5 Nc6 23. gxh6 gxh6 24. Rd1 Rc8 25. h5 Nb8 26. Nh4 Be7 27. Nf5 Bf8 28. Rg1 Nd7 29. Rg6 Rc4 30. Bxh6 Bxh6+ 31. Rxh6+ Kg8 32. Rg6+ Kf7 33. Nd6+ 1-0